| 000 | 01404cam a2200445 i 4500 | ||
|---|---|---|---|
| 999 |
_c851 _d851 |
||
| 001 | 020773582 | ||
| 003 | UkOxU | ||
| 005 | 20191223142700.0 | ||
| 008 | 161116t20172001enka j 001 0 eng c | ||
| 015 |
_aGBB6J6656 _2bnb |
||
| 016 | 7 |
_a018129855 _2Uk |
|
| 020 | _a9781407178653 | ||
| 035 | _a(UkCU)6261639 | ||
| 035 | _a(Uk)018129855 | ||
| 035 | _a(StEdALDL)1/3520836 | ||
| 040 |
_aUkCU _beng _erda _cUkCU _dUkOxU |
||
| 042 | _aukscp | ||
| 043 | _af-ua--- | ||
| 049 | _aCROBAR | ||
| 082 | _a932 DEA | ||
| 100 | 1 |
_aDeary, Terry, _eauthor. |
|
| 245 | 1 | 0 |
_aAwesome Egyptians / _cTerry Deary & Peter Hepplewhite ; illustrated by Martin Brown. |
| 264 | 1 |
_aLondon : _bScholastic, _c2017. |
|
| 264 | 4 | _c©2001 | |
| 300 |
_a140 pages : _billustrations (black and white) ; _c20 cm. |
||
| 336 |
_atext _2rdacontent |
||
| 336 |
_astill image _2rdacontent |
||
| 337 |
_aunmediated _2rdamedia |
||
| 338 |
_avolume _2rdacarrier |
||
| 490 | 1 | _aHorrible histories | |
| 500 | _aFirst published: 1993. | ||
| 500 | _aIncludes index. | ||
| 651 | 0 |
_aEgypt _xHistory _yTo 332 B.C. _vJuvenile literature. |
|
| 651 | 0 |
_aEgypt _xSocial life and customs _yTo 332 B.C. _vJuvenile literature. |
|
| 651 | 0 |
_aEgypt _xCivilization _yTo 332 B.C. _vJuvenile literature. |
|
| 700 | 1 |
_aHepplewhite, Peter, _eauthor. |
|
| 700 | 1 |
_aBrown, Martin, _d1959- _eillustrator. |
|
| 830 | 0 | _aHorrible histories. | |
| 942 |
_2ddc _cNFIC |
||